<?xml version="1.0" encoding="UTF-8"?>
<record
    xmlns:xsi="http://www.w3.org/2001/XMLSchema-instance"
    xsi:schemaLocation="http://www.loc.gov/MARC21/slim http://www.loc.gov/standards/marcxml/schema/MARC21slim.xsd"
    xmlns="http://www.loc.gov/MARC21/slim">

  <leader>01026nam a22002777a 4500</leader>
  <controlfield tag="003">DO-SdBNP</controlfield>
  <controlfield tag="005">20260120073951.0</controlfield>
  <controlfield tag="007">ta</controlfield>
  <controlfield tag="008">210526e2020    dr ||||er|||| 001 0dspa d</controlfield>
  <datafield tag="020" ind1=" " ind2=" ">
    <subfield code="a">9789945926903</subfield>
  </datafield>
  <datafield tag="040" ind1=" " ind2=" ">
    <subfield code="a">DO-SdBNP</subfield>
    <subfield code="b">spa</subfield>
    <subfield code="c">BNPHU</subfield>
  </datafield>
  <datafield tag="041" ind1=" " ind2=" ">
    <subfield code="h">spa</subfield>
  </datafield>
  <datafield tag="082" ind1=" " ind2="4">
    <subfield code="a">248.4</subfield>
    <subfield code="b">D352m</subfield>
    <subfield code="2">22</subfield>
  </datafield>
  <datafield tag="100" ind1="1" ind2=" ">
    <subfield code="a"> Delgado Suriel, Jes&#xFA;s Gabriel,</subfield>
    <subfield code="d">1967-</subfield>
    <subfield code="c">Padre</subfield>
    <subfield code="9">78678</subfield>
  </datafield>
  <datafield tag="245" ind1="1" ind2=" ">
    <subfield code="a">M&#xE1;s all&#xE1; de lo humano :</subfield>
    <subfield code="b">una experiencia con Dios /</subfield>
    <subfield code="c">Jes&#xFA;s Gabriel Delgado Suriel ; edci&#xF3;n, Di&#xF3;medes &#xC1;ngeles ; pr&#xF3;logo,  Rafael L. Felipe N&#xFA;&#xF1;ez.</subfield>
  </datafield>
  <datafield tag="260" ind1=" " ind2=" ">
    <subfield code="a">Loma de los &#xC1;ngeles, La Vega Rep&#xFA;blica Dominicana : </subfield>
    <subfield code="b">La Voz de Mar&#xED;a,</subfield>
    <subfield code="c">2020.</subfield>
  </datafield>
  <datafield tag="300" ind1=" " ind2=" ">
    <subfield code="a">145 p. ;</subfield>
    <subfield code="c">21 cm</subfield>
  </datafield>
  <datafield tag="500" ind1=" " ind2=" ">
    <subfield code="a">Incluye datos biogr&#xE1;ficos del autor en las solapas</subfield>
  </datafield>
  <datafield tag="590" ind1=" " ind2=" ">
    <subfield code="a">Inventariado, 2021/MFF</subfield>
  </datafield>
  <datafield tag="650" ind1=" " ind2="0">
    <subfield code="a">Vida espiritual</subfield>
    <subfield code="9">268</subfield>
  </datafield>
  <datafield tag="650" ind1=" " ind2="0">
    <subfield code="a">Vida cristiana</subfield>
    <subfield code="9">668</subfield>
  </datafield>
  <datafield tag="700" ind1="1" ind2=" ">
    <subfield code="a">Felipe N&#xFA;&#xF1;ez , Rafael L. </subfield>
    <subfield code="e">pr&#xF3;l.</subfield>
    <subfield code="9">78679</subfield>
  </datafield>
  <datafield tag="700" ind1="1" ind2=" ">
    <subfield code="a"> &#xC1;ngeles , Di&#xF3;medes</subfield>
    <subfield code="e">ed.</subfield>
    <subfield code="9">78680</subfield>
  </datafield>
  <datafield tag="910" ind1=" " ind2=" ">
    <subfield code="a">Validado. Control de Calidad MFF</subfield>
  </datafield>
  <datafield tag="942" ind1=" " ind2=" ">
    <subfield code="2">ddc</subfield>
    <subfield code="c">LBS1</subfield>
  </datafield>
  <datafield tag="952" ind1=" " ind2=" ">
    <subfield code="0">0</subfield>
    <subfield code="1">0</subfield>
    <subfield code="2">ddc</subfield>
    <subfield code="5">1</subfield>
    <subfield code="7">1</subfield>
    <subfield code="8">PD</subfield>
    <subfield code="a">BNPHU</subfield>
    <subfield code="b">PD</subfield>
    <subfield code="c">HD</subfield>
    <subfield code="d">2021-05-05</subfield>
    <subfield code="e">Donado por la Voz de Mar&#xED;a</subfield>
    <subfield code="l">0</subfield>
    <subfield code="o">BNPHU PD 248.4 D352m</subfield>
    <subfield code="p">2021-1833</subfield>
    <subfield code="r">2021-05-26</subfield>
    <subfield code="w">2021-05-26</subfield>
    <subfield code="y">LFPD</subfield>
  </datafield>
  <datafield tag="952" ind1=" " ind2=" ">
    <subfield code="0">0</subfield>
    <subfield code="1">0</subfield>
    <subfield code="2">ddc</subfield>
    <subfield code="5">1</subfield>
    <subfield code="7">2</subfield>
    <subfield code="8">PD</subfield>
    <subfield code="a">BNPHU</subfield>
    <subfield code="b">PD</subfield>
    <subfield code="c">HD</subfield>
    <subfield code="d">2021-05-05</subfield>
    <subfield code="e">Donado por la Voz de Mar&#xED;a</subfield>
    <subfield code="l">0</subfield>
    <subfield code="o">BNPHU PD 248.4 D352m</subfield>
    <subfield code="p">2021-1834</subfield>
    <subfield code="r">2021-05-26</subfield>
    <subfield code="t">e.2</subfield>
    <subfield code="w">2021-05-26</subfield>
    <subfield code="y">LFPD</subfield>
  </datafield>
  <datafield tag="952" ind1=" " ind2=" ">
    <subfield code="0">0</subfield>
    <subfield code="1">0</subfield>
    <subfield code="2">ddc</subfield>
    <subfield code="5">6</subfield>
    <subfield code="7">0</subfield>
    <subfield code="8">DS</subfield>
    <subfield code="a">BNPHU</subfield>
    <subfield code="b">GR</subfield>
    <subfield code="c">HD</subfield>
    <subfield code="d">2021-05-05</subfield>
    <subfield code="e">Donado por la Voz de Mar&#xED;a</subfield>
    <subfield code="l">0</subfield>
    <subfield code="o">BNPHU DS 248.4 D352m</subfield>
    <subfield code="p">2021-1835</subfield>
    <subfield code="r">2021-05-26</subfield>
    <subfield code="t">e.3</subfield>
    <subfield code="w">2021-05-26</subfield>
    <subfield code="y">LFDS</subfield>
  </datafield>
  <datafield tag="999" ind1=" " ind2=" ">
    <subfield code="c">49852</subfield>
    <subfield code="d">49852</subfield>
  </datafield>
</record>
